| 000 | 00662nam a2200217 4500 | ||
|---|---|---|---|
| 003 | OSt | ||
| 005 | 20240718051550.0 | ||
| 006 | a | ||
| 008 | 240718b |||||||| |||| 00| 0 eng d | ||
| 020 | _a0071423893 | ||
| 040 |
_aDWCL-Main lib. _cOC |
||
| 082 | _aCirc. 658.5 C377w 2005 | ||
| 100 | _aCavanagh, Roland R. | ||
| 245 | _aWhat is design for six sigma? / | ||
| 260 |
_aN. Y. : _bMcGraw-Hill, _cc2005. |
||
| 300 |
_avii, _b87 p. : ill. ; _c23 cm. |
||
| 650 | _a1. Six sigma (Quality control standard). | ||
| 650 | _a2. Quality control-Statistical methods. | ||
| 650 | _a3. Production management-Statistical methods. | ||
| 942 |
_2ddc _n0 _cBK-CIRC _kCirc. |
||
| 999 |
_c2364 _d2364 |
||